Every Migos Song on the Billboard Hot 100 - Statistics

General Stats
  • This quiz has been taken 223 times
    115 since last reset
  • The average score is 12 of 37
Answer Stats
# Year Song % Correct
1 2017 Bad And Boujee ft. Lil Uzi Vert
92%
8 2018 Stir Fry
75%
10 2018 Walk It Talk It ft. Drake
74%
19 2017 T-Shirt
72%
99 2013 Versace
70%
6 2017 MotorSport (Nicki Minaj & Cardi B)
68%
29 2017 Slippery ft. Gucci Mane
61%
36 2018 Narcos
54%
58 2017 Kelly Price ft. Travis Scott
47%
62 2020 Need It ft. YoungBoy Never Broke Again
47%
23 2019 Pure Water (DJ Mustard)
47%
48 2018 BBO (Bad Bitches Only) ft. 21 Savage
41%
11 2017 I Get The Bag (Gucci Mane)
41%
69 2014 Fight Night
38%
93 2017 Culture ft. DJ Khaled
32%
25 2017 Slide (Calvin Harris) ft. Frank Ocean
31%
64 2018 White Sand ft. Travis Scott, Ty Dolla $ign & Big Sean
28%
62 2017 Call Casting
25%
72 2017 Get Right Witcha
25%
48 2020 g n f (Give No Fxk) (Young Thug & Travis Scott)
24%
52 2018 Notice Me ft. Post Malone
23%
59 2017 Bon Appetit (Katy Perry)
22%
96 2018 CC ft. Gucci Mane
21%
79 2014 Handsome And Wealthy
20%
87 2018 Emoji A Chain
17%
73 2018 Gang Gang
17%
53 2018 Supastars
17%
83 2018 Higher We Go (Intro)
15%
21 2018 Drip (Cardi B)
14%
87 2016 Look At My Dab
13%
51 2019 Raw Shit (Dababy)
13%
91 2017 Too Hotty
13%
85 2018 Auto Pilot
11%
82 2017 Danger (Marshmello)
10%
70 2016 Key To The Streets (YFN Lucci) ft. Trouble
10%
78 2017 Peek A Boo (Lil Yachty)
8%
70 2017 Sacrifices (Big Sean)
7%
No matching quizzes found
Score Distribution
Percent of People with Each Score
Percentile by Number Answered
Your Score History
You have not taken this quiz since the last reset